Văn học Mỹ Latin.

Sách cung cấp một lượng thông tin có tính chất hệ thống về nền văn học Mỹ Latin về quá trình phát triển, những tác phẩm, và những nghiên cứu... của nó.

Gardado en:
Detalles Bibliográficos
Formato: Libro
Idioma:Vietnamese
Publicado: Hà Nội : Khoa học xã hội, 1999.
Những chủ đề:
Các nhãn: Engadir etiqueta
Sen Etiquetas, Sexa o primeiro en etiquetar este rexistro!
Thư viện lưu trữ: Mạng thư viện Đại học Đà Nẵng
LEADER 00937cam a2200313 a 4500
001 000046623
003 6121
005 20060126114350.0
008 010307b1999 vm 000 vie
020 |c 23000 
040 |a IRC  |c IRC  |d IRC 
041 0 |a vie 
082 1 4 |a 879  |b Vă-H 
245 0 0 |a Văn học Mỹ Latin. 
260 |a Hà Nội :  |b Khoa học xã hội,  |c 1999. 
300 |a 264tr. ;  |c 19cm. 
520 3 |a Sách cung cấp một lượng thông tin có tính chất hệ thống về nền văn học Mỹ Latin về quá trình phát triển, những tác phẩm, và những nghiên cứu... của nó. 
630 0 4 |a Văn học Mỹ Latinh. 
650 0 4 |a Văn học Mỹ Latinh. 
OWN |a DUT 
999 |a From the UDN01 
TYP |a Monograph 
TYP |a Printed language 
980 |a Mạng thư viện Đại học Đà Nẵng